| 000 | 00000nam##2200000za#4500 |
| 001 | 9.570349 |
| 003 | CaOODSP |
| 005 | 20220901140008 |
| 007 | cr ||||||||||| |
| 008 | 150406|2002||||xxc|||||o f|0| 0 eng|d |
| 040 | |aCaOODSP|beng |
| 043 | |an-cn--- |
| 086 | 1 |aJ3-10/13E-PDF |
| 110 | 1 |aCanada.|bJustice Canada. |
| 245 | 13|aAn analysis of poverty law services in Canada / |h[electronic resource]|cSocial Planning and Research Council of B.C. |
| 260 | |aOttawa - Ontario : |bJustice Canada |cJuly 2002. |
| 300 | |a161p.|btables |
| 490 | 1 |aLegal aid research series|vrr03lars-13e |
| 590 | |a11-09-Supp|b2011-06-30 |
| 775 | 08|tUne analyse des services en matière de droit des pauvres au Canada / |w(CaOODSP)9.601095 |
| 830 | #0|aLegal aid research series ;|vrr03lars-13e|w(CaOODSP)9.505670 |
| 856 | 40|ahttp://publications.gc.ca|qPDF|s1.19 MB|uhttps://publications.gc.ca/collections/collection_2011/jus/J3-10-13-eng.pdf|yrr03lars-13e |